000 01360nam a2200625Ia 4500
001 8876
005 20240113234138.0
007 ta
008 050721s1953 a g b000 u 465 u
040 _aCotton College Assam
041 _a465
082 _a822.91
_bSh 26 Ar
100 _aShaw, Bernard .
245 0 _aArms and the Man /
_cBernard Shaw & A.C. Ward.
_hTextual Documents
250 _a1st ed. /
260 _aDelhi :
_bOrient Lomgman ,
_c1953.
300 _av,126p. :
_bill. ;
_c18cm. .
653 _aT/G-English drama
653 _aG-English
653 _aMS-English
653 _aT/PG-English
653 _aT/G- English
942 _2ddc
_cBK
999 _c8863
_d8863